000 00580nam a2200217Ia 4500
003 OSt
005 20230516092558.0
008 210423s2011 xx 000 0 und d
020 _a9780199652631
040 _cAL
041 _aeng
082 _a363.738 VANG
_223
100 _aVANLOON (Gary W).
_9104552
245 _aEnvironmental chemistry ; a global perspective.
250 _a3
260 _aNew York
_bOxford University Press
_c2011
300 _axiv,545
_bPB
365 _b460
_cINR
906 _achemistry ; Environmental ; global ; perspective.
942 _2ddc
_cBK
999 _c164736
_d164736